| 000 | 00490nam a22001817a 4500 | ||
|---|---|---|---|
| 003 | OSt | ||
| 005 | 20140310181710.0 | ||
| 008 | 121207t xxu||||| |||| 00| 0 eng d | ||
| 020 | _a9715502113 | ||
| 050 |
_aGR 325 _b.M543 1999 |
||
| 082 |
_aFIL 398.695 _bM52 1996 |
||
| 100 | _aMeñez, Herminia Q. | ||
| 245 |
_aExplorations in Philippine folklore / _cHerminia Q. Meñez. |
||
| 260 |
_aQuezon City : _bADMU, _c1999. |
||
| 300 |
_a159 p. : _c23 cm |
||
| 942 |
_2lcc _cBK |
||
| 999 |
_c1520 _d1520 |
||